Divide that # by 2! - Statistics

General Stats
  • This quiz has been taken 21 times
  • The average score is 12 of 15
Answer Stats
numbers answer bruh % Correct
620 310
100%
228 114
94%
240 120
94%
466 233
94%
698 349
94%
684 342
88%
936 468
88%
432 216
81%
724 362
81%
890 445
81%
552 276
69%
822 411
63%
376 188
56%
732 366
50%
602 301
44%
No matching quizzes found
Score Distribution
Percent of People with Each Score
Percentile by Number Answered
Your Score History
You have not taken this quiz